| 000 | 01673cam a2200421 a 4500 | ||
|---|---|---|---|
| 999 |
_c21556 _d21556 |
||
| 001 | 14647622 | ||
| 003 | OSt | ||
| 005 | 20200616101955.0 | ||
| 008 | 061128s2006 ii b 000 0 eng | ||
| 010 | _a 2006454121 | ||
| 020 | _a9780195681499 | ||
| 020 | _a0195681495 | ||
| 025 | _aI-E-2006-454121; 61-92 | ||
| 037 |
_bLibrary of Congress -- New Delhi Overseas Office _cRs595.00 |
||
| 040 |
_aDLC _coclc _dDLC |
||
| 042 | _alcode | ||
| 043 | _aa-ii--- | ||
| 050 | 0 | 0 |
_aDS463 _b.W337 2006 |
| 082 |
_a303.660954 _bROY/W |
||
| 100 |
_92689 _aRoy, Kaushik |
||
| 245 | 0 | 0 |
_aWar and society in colonial India, 1807-1945 / _cKaushik Roy. |
| 260 |
_aNew Delhi ; _aNew York : _bOxford University Press, _c2006. |
||
| 300 |
_avi, 375 p. ; _c23 cm. |
||
| 490 | 0 | _aOxford in India readings. Themes in Indian history | |
| 500 | _aSequel to: The British Raj and its Indian armed forces, 1857-1939. | ||
| 504 | _aIncludes bibliographical references (p [358]-373). | ||
| 651 | 0 |
_aIndia _xHistory _yBritish occupation, 1765-1947. |
|
| 651 | 0 |
_aIndia _xHistory, Military _y19th century. |
|
| 651 | 0 |
_aIndia _xHistory, Military _y20th century. |
|
| 651 | 0 |
_aIndia _xHistory _ySepoy Rebellion, 1857-1858. |
|
| 651 | 0 |
_aGreat Britain _xArmed forces _zIndia _xHistory. |
|
| 700 | 1 |
_aRoy, Kaushik, _d1971- |
|
| 856 | 4 | 1 |
_3Table of contents only _uhttp://www.loc.gov/catdir/toc/fy0705/2006454121.html |
| 856 | 4 | 2 |
_3Publisher description _uhttp://www.loc.gov/catdir/enhancements/fy0723/2006454121-d.html |
| 906 |
_a7 _bcbc _corigode _d3 _encip _f20 _gy-gencatlg |
||
| 942 |
_2ddc _cBK _h303.660954 _iROY/W _k303.660954 _mROY/W |
||